NFL Quiz - Statistics

General Stats
  • This quiz has been taken 40 times
  • The average score is 6 of 11
Answer Stats
Hint Answer % Correct
What Player leads the NFL in all time passing yards Tom Brady
100%
How many Preseason Games did the 0-16 Browns win 4
97%
What NFL Player had 55 Passing Touchdowns in a Single Season Peyton Manning
91%
What is the only Team to Have a Perfect Season in the Super Bowl Era Dolphins
78%
What Year did the Patriots go 16-0 in the Regular Season 2007
75%
Who had the 1st Overall pick in Both the 2021 and 2022 NFL draft Jaguars
50%
What Pick was Tom Brady in the NFL Draft 199
19%
How Many Points did the Kansas City Chiefs Score in Superbowl 58 25
19%
What Team has the Lowest All-Time Win Percentage in the NFL (prior to the 2024 season) Buccaneers
19%
Who is the Highest Drafted Tight End in NFL History Kyle Pitts
16%
Who was the 8th Pick in the 2024 NFL Draft Michael Penix Jr.
16%
No matching quizzes found
Score Distribution
Percent of People with Each Score
Percentile by Number Answered
Your Score History
You have not taken this quiz